000 00533cam a2200193ua 4500
020 _c1.25
041 _amal
_h
082 _a500
_bBAL/MA
100 _aBalakrishna Pillai, P .
245 _aMaanushodayam /
_cP Balakrishna Pillai.
_hTextual Documents
260 _aThiruvananthapuram :
_bUniversity of Travancore ,
_c1961.
300 _a178 ; .
365 _a1.25
440 0 _aTravancore university series,
_v3
_x;
490 0 _aTravancore university series,
_v3
_x;
504 _a
942 _cBK
999 _c4727
_d4727